Auditory detection of the human brainstem auditory evoked response (Record no. 63004)

MARC details
000 -CABECERA
campo de control de longitud fija 00724nam a2200253 a 4500
005 - FECHA Y HORA DE LA ÚLTIMA TRANSACCIÓN
campo de control 20210219152902.0
008 - ELEMENTOS DE LONGITUD FIJA--INFORMACIÓN GENERAL
campo de control de longitud fija 991125n 000 0 u
035 ## - NÚMERO DE CONTROL DEL SISTEMA
Número de control de sistema UPN01000065226
100 ## - ASIENTO PRINCIPAL--NOMBRE PERSONAL
Nombre de persona Kidd, Gerald, Jr.
222 ## - TÍTULO CLAVE
Título clave JOURNAL OF SPEECH, LANGUAGE, AND HEARING RESEARCH
245 ## - MENCIÓN DE TÍTULO
Título Auditory detection of the human brainstem auditory evoked response
300 ## - DESCRIPCIÓN FÍSICA
Extensión 442-447
362 ## - FECHAS DE PUBLICACIÓN Y/O DESIGNACIÓN SECUENCIAL
Fecha de publicación y/o designación secuencial 36, No. 2, 1993
505 ## - NOTA DE CONTENIDO CON FORMATO PREESTABLECIDO
Nota de contenido con formato Octubre 1993
653 0# - TERMINO DE INDIZACION - NO CONTROLADO
Término no controlado ESTIMULO AUDITIVO
653 0# - TERMINO DE INDIZACION - NO CONTROLADO
Término no controlado ESTIMULO VISUAL
653 0# - TERMINO DE INDIZACION - NO CONTROLADO
Término no controlado EVALUACION AUDITIVA
653 0# - TERMINO DE INDIZACION - NO CONTROLADO
Término no controlado NEUROLOGIA
653 0# - TERMINO DE INDIZACION - NO CONTROLADO
Término no controlado PERCEPCION AUDITIVA
700 ## - ASIENTO SECUNDARIO--NOMBRE DE PERSONAL
Nombre de persona Burkard, Robert F.
700 ## - ASIENTO SECUNDARIO--NOMBRE DE PERSONAL
Nombre de persona Mason, Christine R.
904 ## - ELEMENTOS DE DATOS D LOCAL, LDD (RLIN)
a AC
b 003037
905 ## - TIPO DE MATERIAL
Tipo de material Articulo

No items available.